Магнитные сердечники с прямоугольной петлей гистерезиса. Статические и динамические характеристики, методика измерений и контроля, основы расчета цепей, содержащих сердечники с ППГ

書目詳細資料
主要作者: Пирогов А. И. Аркадий Иванович
其他作者: Шамаев Ю. М. Юрий Матвеевич
語言:俄语
出版: Москва, Энергия, 1964
主題:
格式: 圖書
KOHA link:https://koha.lib.tpu.ru/cgi-bin/koha/opac-detail.pl?biblionumber=84968

MARC

LEADER 00000nam0a2200000 4500
001 84968
005 20231031100835.0
035 |a (RuTPU)RU\TPU\book\91301 
090 |a 84968 
100 |a 20051108d1964 km y0rusy50 ca 
101 0 |a rus 
102 |a RU 
105 |a a z 001zy 
200 1 |a Магнитные сердечники с прямоугольной петлей гистерезиса. Статические и динамические характеристики, методика измерений и контроля, основы расчета цепей, содержащих сердечники с ППГ  |f А. И. Пирогов, Ю. М. Шамаев 
210 |a Москва  |a Ленинград  |c Энергия  |d 1964 
215 |a 176 с.  |c ил. 
320 |a Библиогр.: с. 173-176. 
610 1 |a сердечники 
610 1 |a магнитные сердечники 
610 1 |a статические характеристики 
610 1 |a динамические характеристики 
610 1 |a анализ 
610 1 |a расчет 
675 |a 621.318.4  |v 3 
700 1 |a Пирогов  |b А. И.  |g Аркадий Иванович 
701 1 |a Шамаев  |b Ю. М.  |g Юрий Матвеевич 
801 1 |a RU  |b 63413507  |c 20051108  |g PSBO 
801 2 |a RU  |b 63413507  |c 20150427  |g PSBO 
942 |c BK